El Alcoholismo en el área programática del cantón de Desamparados

Saved in:
Bibliographic Details
Corporate Author: Instituto Nacional sobre Alcoholismo. Departamento de Investigación (Costa Rica)
Format: Text
Published: San José: El Instituto
Tags: Add Tag
No Tags, Be the first to tag this record!

MARC

LEADER 00000 a a2200000 04500
001 15094
003
040
090 |a 028300  
110 |a Instituto Nacional sobre Alcoholismo. Departamento de Investigación (Costa Rica)  
245 |a El Alcoholismo en el área programática del cantón de Desamparados  
260 |a San José:   |b El Instituto  
300 |a 60 p.  
999 |c 8387  |d 8387